000 00712cam a2200205u 4500
001 10327681
003 OSt
005 20140310114820.0
008 850226m1958 arg spa
040 _aDLC
_cBMC
_dDLC
082 _a345.82
100 1 _915037
_aMezger, Edmund
_d1883-1962
245 1 0 _aDerecho penal
_nParte general : libro de estudio
_cEdmundo Mezger ; traducción de la 6ª ed. alemana... Conrado A. Finzi ; prólogo del Dr. Ricardo C. Núñez
260 _aBuenos Aires
_bEditorial Bibliográfica Argentina
_c1958
300 _a459 p.
_bil.
_c24 cm
650 2 4 _aDerecho penal
_zArgentina
_96868
700 1 _915039
_aFinzi, Conrado A.
700 1 _915040
_aNúñez, Ricardo C.‏
942 _2ddc
_cBK
999 _c7777
_d7777